000 00329nam a22001451a 4500
082 _aM3
_bVIL/C
100 _aVilasini
245 _aChundeli/
_cby Vilasini
260 _aThrissur:
_bSulabha Books,
_c2002.
300 _a275p.
650 _aNovel Malayalam
650 _aLiterature Malayalam
650 _aLiterature
942 _cBK
999 _c7673
_d7673